LEADER 01592nam 2200457 450 001 9910705719903321 005 20170705150225.0 035 $a(CKB)5470000002453211 035 $a(OCoLC)992806201 035 $a(EXLCZ)995470000002453211 100 $a20170705j198311 ua 0 101 0 $aeng 135 $aurbn||||||||| 181 $ctxt$2rdacontent 182 $cc$2rdamedia 183 $acr$2rdacarrier 200 10$aAGCE related studies of baroclinic flows in spherical geometry /$fby J.M. Hyun, principal investigator 210 1$a[Huntsville, Alabama] :$cNASA Marshall Space Flight Center,$dNovember 1983. 215 $a1 online resource (12 pages) 225 1 $a[NASA contractor report] ;$v[170934] 300 $a"November 1983." 320 $aIncludes bibliographical references (page 12). 517 3 $aAtmospheric General Circulation Experiment related studies of baroclinic flows in spherical geometry 606 $aAxisymmetric flow$2nasat 606 $aBoussinesq approximation$2nasat 606 $aEkman layer$2nasat 606 $aLegendre functions$2nasat 606 $aRotating fluids$2nasat 615 7$aAxisymmetric flow. 615 7$aBoussinesq approximation. 615 7$aEkman layer. 615 7$aLegendre functions. 615 7$aRotating fluids. 700 $aHyun$b Jae Min$01395227 712 02$aGeorge C. Marshall Space Flight Center, 801 0$bGPO 801 1$bGPO 906 $aBOOK 912 $a9910705719903321 996 $aAGCE related studies of baroclinic flows in spherical geometry$93453382 997 $aUNINA LEADER 03751nam 22006735 450 001 9910254603203321 005 20200705100716.0 010 $a3-319-44397-6 024 7 $a10.1007/978-3-319-44397-3 035 $a(CKB)3710000000852431 035 $a(EBL)4677062 035 $a(DE-He213)978-3-319-44397-3 035 $a(MiAaPQ)EBC4677062 035 $a(PPN)195507304 035 $a(EXLCZ)993710000000852431 100 $a20160910d2017 u| 0 101 0 $aeng 135 $aur|n|---||||| 181 $ctxt$2rdacontent 182 $cc$2rdamedia 183 $acr$2rdacarrier 200 10$aQuantum-Enhanced Nonlinear Spectroscopy /$fby Frank Schlawin 205 $a1st ed. 2017. 210 1$aCham :$cSpringer International Publishing :$cImprint: Springer,$d2017. 215 $a1 online resource (269 p.) 225 1 $aSpringer Theses, Recognizing Outstanding Ph.D. Research,$x2190-5053 300 $aDescription based upon print version of record. 311 $a3-319-44396-8 320 $aIncludes bibliographical references at the end of each chapters. 327 $aIntroduction -- Background -- Nonlinear Optical Signals -- Excited State Distributions and Fluorescence Signals -- Pump-Probe Measurements with Entangled Photons -- Interferometric Setups -- Frequency Conversion -- Trapped Ion Spectroscopy -- Conclusions and Outlook. 330 $aThis thesis focuses on nonlinear spectroscopy from a quantum optics perspective. First, it provides a detailed introduction to nonlinear optical signals; starting from Glauber?s photon counting formalism, it establishes the diagrammatic formulation, which forms the backbone of nonlinear molecular spectroscopy. The main body of the thesis investigates the impact of quantum correlations in entangled photon states on two-photon transitions, with a particular focus on the time-energy uncertainty, which restricts the possible simultaneous time and frequency resolution in measurements. It found that this can be violated with entangled light for individual transitions. The thesis then presents simulations of possible experimental setups that could exploit this quantum advantage. The final chapter is devoted to an application of the rapidly growing field of multidimensional spectroscopy to trapped ion chains, where it is employed to investigate nonequilibrium properties in quantum simulations. 410 0$aSpringer Theses, Recognizing Outstanding Ph.D. Research,$x2190-5053 606 $aQuantum optics 606 $aSpectrum analysis 606 $aMicroscopy 606 $aStatistical physics 606 $aQuantum theory 606 $aQuantum Optics$3https://scigraph.springernature.com/ontologies/product-market-codes/P24050 606 $aSpectroscopy and Microscopy$3https://scigraph.springernature.com/ontologies/product-market-codes/P31090 606 $aApplications of Nonlinear Dynamics and Chaos Theory$3https://scigraph.springernature.com/ontologies/product-market-codes/P33020 606 $aQuantum Physics$3https://scigraph.springernature.com/ontologies/product-market-codes/P19080 615 0$aQuantum optics. 615 0$aSpectrum analysis. 615 0$aMicroscopy. 615 0$aStatistical physics. 615 0$aQuantum theory. 615 14$aQuantum Optics. 615 24$aSpectroscopy and Microscopy. 615 24$aApplications of Nonlinear Dynamics and Chaos Theory. 615 24$aQuantum Physics. 676 $a535.84 700 $aSchlawin$b Frank$4aut$4http://id.loc.gov/vocabulary/relators/aut$0823884 801 0$bMiAaPQ 801 1$bMiAaPQ 801 2$bMiAaPQ 906 $aBOOK 912 $a9910254603203321 996 $aQuantum-Enhanced Nonlinear Spectroscopy$91833131 997 $aUNINA